01141 a2200193 45000010006000000050017000060080041000230030015000640400040000790800035001192450108001540200018002622640038002803000022003185050482003400410008008221000018008308560099008484492520260407155724.0260407a1996 arg spa dAR-UNSa-BCEJYS aAR-UNSa-BCEJYSbspacAR-UNSa-BCEJYS a330.34xDesarrollo Económico10aInforme sobre el desarrollo mundial 1996pDe la planificación centralizada a la economía de mercado a0-8213-3265-1 1aWashington :bBanco Mundialc1996 ax, 275 p.c27 cm. a1. Modelos de reforma, progresos y resultados - 2. Liberalización, estabilización y crecimiento – 3. Derechos de propiedad y reforma de las empresas – 4. Dimensiones humanas de la transición – 5. Instituciones jurídicas y estado de derecho – 6. Edificación de un sistema financiero – 7. Hacia un Estado más eficiente y de menor dimensión – 8. Inversión en capital humano y crecimiento económico – 9. La transición y la economía mundial –  aspa1 aBanco Mundial41uhttps://www.biblioeco.unsa.edu.ar/pmb/images/libros/L127048.jpgyImagen de portadaqimage/jpeg